[Event "It"]
[Site "Madrid (Spain)"]
[Round "6"]
[White "Pomar Salamanca Arturo (ESP)"]
[Black "Canal Esteban (PER)"]
[Result "0-1"]
[WhiteElo "2345"]
[BlackElo "2270"]

1.d4 f5 2.c4 e6 3.e4 fxe4 4.Nc3 Nf6 5.f3 Bb4 6.Bg5 c5 7.fxe4 Qa5 8.Bxf6 Bxc3+
9.bxc3 Qxc3+ 10.Ke2 gxf6 11.Nf3 Nc6 12.Kf2 cxd4 13.Bd3 O-O 14.Rc1 Qa5 15.c5
Qc7 16.Rf1 d6 17.cxd6 Qxd6 18.e5 Nxe5 19.Nxe5 Qxe5 20.Qg4+ Qg5 21.Qxd4 Qg7
22.Kg1 f5 23.Qd6 Qf6 24.Rc7 e5 25.Qd5+ Be6 26.Qxb7 Rad8 27.Rf3 Rf7 28.Rg3+ Kh8
29.Rh3 e4 30.Rxh7+ Kxh7 {#R} 0-1

[Event "Ch Netherlands (team)"]
[Site "Netherlands"]
[Round "0"]
[White "Piket Joop J (NED)"]
[Black "Krabbe Tim (NED)"]
[Result "0-1"]
[WhiteElo "2320"]
[BlackElo "2274"]

1.d4 e6 2.c4 f5 3.e4 fxe4 4.Nc3 Nf6 5.Bg5 Bb4 6.f3 c5 7.d5 Qa5 8.Bxf6 gxf6
9.Qc2 exf3 10.Nxf3 exd5 11.cxd5 d6 12.Bd3 Qc7 13.O-O Bxc3 14.Qxc3 O-O 15.Ng5
f5 16.Ne6 Bxe6 17.dxe6 Nc6 18.Bc4 Qe7 19.g4 f4 20.Rae1 Nd4 21.Re4 f3 22.Qe3
Rf6 23.Bd5 Raf8 24.Kh1 b5 25.b4 Kh8 26.bxc5 dxc5 27.Qg5 Qd6 28.Qe5 Qxe5
29.Rxe5 Re8 30.e7 Kg7 31.h3 c4 32.Rd1 c3 33.Re3 c2 34.Rc1 Ne2 35.Rxc2 f2
36.Bg2 f1=Q+ 37.Bxf1 Rxf1+ 38.Kg2 Rg1+ 39.Kh2 Nd4 40.Rd2 Re1 {#R} 0-1

[Event "It (open) (w)"]
[Site "Moscow (Russia)"]
[Round "0"]
[White "Eidelson Rakhil (BLR)"]
[Black "Strutinskaya Galina N (RUS)"]
[Result "0-1"]
[WhiteElo "2242"]
[BlackElo "2190"]

1.d4 e6 2.c4 f5 3.e4 fxe4 4.Nc3 Nf6 5.f3 Bb4 6.Qb3 Nc6 7.Be3 d5 8.O-O-O Bxc3
9.Qxc3 Qe7 10.c5 Bd7 11.Bf4 Rc8 12.h4 O-O 13.Nh3 Be8 14.Bg5 exf3 15.gxf3 b6
16.Rg1 bxc5 17.dxc5 d4 18.Qa3 Kh8 19.Bb5 a6 20.Bxc6 Bxc6 21.Rxd4 e5 22.Re1 Qe6
23.f4 Ng4 24.fxe5 Rf3 25.Nf4 Qf5 26.Qa5 Rf2 27.Nd3 h6 28.Bd2 Rf3 29.Qxa6 Qe6
30.Nf4 Qe8 31.Ng6+ Kh7 32.Rxg4 Bb5 33.Qb7 Bc6 34.Qb4 Ra8 35.b3 Rxa2 36.Qd4 Qe6
37.Nf8+ Rxf8 38.Qd3+ Kh8 39.Rg6 Bb5 40.Rxe6 Bxd3 41.Re7 Rf2 42.Bc3 Rfc2+
43.Kd1 Rxc3 44.Re3 Rxb3 {#R} 0-1

[Event "It (open) \"]
[Site "Buenos Aires (Argentina)"]
[Round "5"]
[White "Schuster Carlos (ARG)"]
[Black "Archangelsky Mikhail (RUS)"]
[Result "0-1"]
[WhiteElo "2294"]
[BlackElo "2197"]

1.d4 e6 2.c4 f5 3.e4 fxe4 4.Nc3 Nf6 5.Bg5 Bb4 6.Qc2 d5 7.O-O-O c6 8.f3 Qa5
9.Bxf6 gxf6 10.cxd5 Bxc3 11.bxc3 cxd5 12.fxe4 dxe4 13.Bc4 Nc6 14.Nh3 Bd7
15.Rhf1 Ke7 16.Rde1 b5 17.Bb3 Nxd4 18.cxd4 Rac8 19.Rxe4 Rxc2+ 20.Kxc2 Rc8+
21.Kb1 Qd2 22.Nf4 f5 23.Ree1 Qxd4 24.Nxe6 Qd3+ 25.Ka1 Qc3+ 26.Kb1 Qd3+ 27.Ka1
Kf6 28.g4 Bxe6 29.Bxe6 Qd4+ 30.Kb1 Qd3+ 31.Ka1 Qc3+ 32.Kb1 Qb4+ 33.Bb3 Qxg4
34.Rg1 Re8 35.Rc1 Qe4+ 36.Bc2 Qb4+ 37.Bb3 f4 38.Rgd1 Re3 39.Rc6+ Kf5 40.Rd5+
Kg4 41.Rcc5 Rxb3+ 42.axb3 Qxb3+ 43.Kc1 b4 44.Rg5+ Kf3 45.Rh5 Ke3 46.Rce5+ Kd4
47.Ref5 Qe3+ 48.Kb2 Kc4 49.Ra5 Qc3+ 50.Kb1 Kb3 {#R} 0-1

[Event "Olympiad"]
[Site "Manila (Philippines)"]
[Round "0"]
[White "Cuevas-Rodriguez Ma Luisa (ESP)"]
[Black "Dahl Ingrid (NOR)"]
[Result "1-0"]
[WhiteElo "2185"]
[BlackElo "2130"]

1.d4 e6 2.c4 f5 3.e4 fxe4 4.Nc3 Nf6 5.f3 exf3 6.Nxf3 Bb4 7.Bd3 c5 8.a3 Ba5
9.O-O cxd4 10.Nb5 d6 11.Nbxd4 Nc6 12.Nxc6 bxc6 13.Ng5 Bb6+ 14.Kh1 O-O 15.Rxf6
Rxf6 16.Nxh7 Rf5 17.Bxf5 exf5 18.Qh5 Be6 19.Ng5 Qd7 20.Bd2 Bd4 21.Rf1 Bxb2
22.Qh7+ Kf8 23.Qg6 Bf6 24.Nh7+ Ke7 25.Nxf6 gxf6 26.Qg7+ Kd8 27.Qf8+ Qe8
28.Qxd6+ Qd7 29.Qf8+ {#r} 1-0

[Event "Tournament (swiss)"]
[Site "Buenos Aires (Argentina)"]
[Round "5"]
[White "Goldschmidt Bernardo (ARG)"]
[Black "Mellano Santiago (ARG)"]
[Result "0-1"]
[WhiteElo "2185"]
[BlackElo "2300"]

1.d4 e6 2.c4 f5 3.e4 fxe4 4.f3 d5 5.Nc3 Nf6 6.Bg5 Be7 7.Qc2 Nc6 8.O-O-O O-O
9.fxe4 dxe4 10.Nge2 Nb4 11.Qb1 Nd3+ 12.Rxd3 exd3 13.Qxd3 c5 14.Bf4 cxd4
15.Nxd4 Ng4 16.Bg3 e5 17.Nf3 Bf5 18.Qd5+ Kh8 19.h3 Ne3 20.Qxe5 Nxf1 21.Rxf1
Qd3 22.Rf2 Bf6 23.Qe2 Bxc3 24.Qxd3 Bxd3 25.bxc3 Bxc4 26.Rd2 Rad8 27.Nd4 Rde8
28.Kb2 h6 29.Bd6 Rf6 30.Bg3 Kh7 31.Bh4 Rb6+ 32.Kc2 Bxa2 33.Kd3 Bb1+ 34.Kc4 Be4
35.Nb5 Rc8+ 36.Kd4 Rxb5 37.Kxe4 Rxc3 38.Bf2 Rc4+ 39.Kf3 Rb3+ 40.Ke2 a5 41.Kd1
a4 42.Rd7 a3 43.Bd4 Rd3+ {#R} 0-1

[Event "It (open)"]
[Site "Cappelle la Grande (France)"]
[Round "5"]
[White "Delmont Jean-Robert (FRA)"]
[Black "Makarichev Sergey (RUS)"]
[Result "0-1"]
[WhiteElo "1984"]
[BlackElo "2540"]

1.d4 e6 2.c4 f5 3.e4 fxe4 4.Nc3 Bb4 5.f3 Nc6 6.a3 Bxc3+ 7.bxc3 d5 8.Qc2 Nf6
9.Bg5 O-O 10.fxe4 dxe4 11.Ne2 e5 12.d5 Ne7 13.Bxf6 Rxf6 14.Qxe4 Bf5 15.Qxe5
Qd7 16.Nd4 Re8 17.Be2 c6 18.dxc6 Nxc6 19.Qd5+ Qxd5 20.cxd5 Nxd4 21.cxd4 Bd3
22.Ra2 Bc4 23.Rc2 b5 24.Kd1 Bb3 {#R} 0-1

[Event "It (open)"]
[Site "Corfu (Greece)"]
[Round "0"]
[White "Karayannis Athanasios (GRE)"]
[Black "Bellin Robert (ENG)"]
[Result "0-1"]
[WhiteElo "2345"]
[BlackElo "2355"]

1.d4 e6 2.c4 f5 3.e4 fxe4 4.Nc3 Nf6 5.g4 h6 6.h4 d5 7.Nh3 Nc6 8.Nf4 e5 9.Ng6
Bxg4 10.Qa4 exd4 11.Nxh8 dxc3 12.bxc3 d4 13.Rb1 dxc3 14.Rxb7 Qd7 15.f3 exf3
16.Be3 Bc5 17.Rxc7 Qd2+ 18.Bxd2 f2# 0-1

[Event "It (w)"]
[Site "Silvaplana (Switzerland)"]
[Round "0"]
[White "Baumann Claude (SUI)"]
[Black "Horvath Maria (AUT)"]
[Result "1-0"]
[WhiteElo "2060"]
[BlackElo "2019"]

1.d4 e6 2.c4 f5 3.e4 fxe4 4.Nc3 Nf6 5.Bg5 Bb4 6.Ne2 O-O 7.Qb3 Be7 8.O-O-O Ng4
9.Be3 b5 10.cxb5 Nxe3 11.fxe3 d5 12.Nf4 Bd6 13.Nfxd5 Qg5 14.h4 Qf5 15.g4 Qf3
16.Be2 Qg2 17.Rdg1 Qf2 18.Rf1 Qg2 19.Rxf8+ Bxf8 20.Rf1 Bd6 21.Nf4 Bxf4 22.exf4
c5 23.dxc5 Kf8 24.Qb4 Ke8 25.Qxe4 Qxe4 26.Nxe4 Nd7 27.Bc4 Ke7 28.Re1 e5
29.fxe5 Nxe5 30.Ng3 {#r} 1-0

[Event "Ch Hungary (team)"]
[Site "Hungary"]
[Round "2"]
[White "Halasz Jozsef (HUN)"]
[Black "Csaba Arpad Jr (HUN)"]
[Result "0-1"]
[WhiteElo "2157"]
[BlackElo "2139"]

1.d4 e6 2.c4 f5 3.e4 fxe4 4.Nc3 Nf6 5.Bg5 Bb4 6.Ne2 d5 7.a3 Be7 8.Qb3 c6 9.Ng3
Qb6 10.Qc2 Qxd4 11.Rd1 Qe5 12.Qd2 Qc7 13.Be2 Nbd7 14.cxd5 cxd5 15.Nb5 Qb6
16.Rc1 O-O 17.Be3 Nc5 18.b4 Nb3 19.Qb2 d4 20.Nxd4 Nxc1 21.Qxc1 Qd8 22.O-O Bd7
23.Qb1 Nd5 24.Qxe4 Nc3 25.Qxb7 Nxe2+ 26.Ngxe2 a5 27.Qe4 Bf6 28.b5 Rc8 29.Qb1
Rc4 30.Qb3 Qc8 31.h4 a4 32.Qa2 e5 33.Nc6 Be6 34.Qb1 Bd5 35.Qd3 Qe6 36.Nb4 Bb7
37.Qd1 Ra8 38.Ng3 Bxh4 39.Ne2 Qg6 40.Nc6 Bxc6 41.bxc6 Qxc6 42.Qd3 Rd8 43.Qf5
Bf6 44.Ng3 Qd7 45.Qb1 Qd3 46.Qb6 Qd6 47.Qb5 Qc6 48.Qb1 Rc3 49.Ne4 Rb3 50.Nxf6+
Qxf6 51.Qc1 Qe6 52.Qc5 Rc8 53.Qa5 Rxa3 54.Rd1 Ra2 55.Qa7 a3 56.Rd7 Qf6 57.Qb7
Ra1+ 58.Kh2 Re8 59.Qb3+ Qe6 60.Qb7 Qg6 61.Qd5+ Kh8 62.Rd6 Qf5 63.g4 Qf8 64.Rd7
a2 65.Ra7 Qg8 66.Qe4 Rb1 67.Bh6 a1=Q 68.Bxg7+ Qxg7 69.Rxg7 Kxg7 70.Qf5 Rf8
{#R} 0-1

[Event "Slovak League (2nd) 1994/95"]
[Site "Slovakia"]
[Round "11"]
[White "Kunak Stanislav (SVK)"]
[Black "Vavrak Peter (SVK)"]
[Result "0-1"]
[WhiteElo "1777"]
[BlackElo "2065"]

1.d4 e6 2.c4 f5 3.e4 fxe4 4.Nc3 Nf6 5.Bg5 Bb4 6.Qc2 O-O 7.O-O-O Bxc3 8.Qxc3 d5
9.f3 Nbd7 10.Qc2 c6 11.fxe4 Qa5 12.Kb1 Nxe4 13.Nf3 Ndf6 14.Bd3 Bd7 15.Bxf6
Nxf6 16.Ne5 Qc7 17.g4 dxc4 18.Qxc4 g6 19.h4 Nd5 20.Rde1 Kg7 21.h5 Nf4 22.Bc2
g5 23.h6+ Kh8 24.Be4 Be8 25.Qc3 Nd5 26.Qc2 Qe7 27.Qd2 Nf4 28.Rhf1 Rf6 29.Qh2
Rd8 30.Nf3 Rf8 31.Qd2 Qf6 32.Qb4 Rb8 33.Ne5 Rg8 34.Qc4 a6 35.Qc2 Qe7 36.Rf3
Rd8 37.Qc3 Nd5 38.Qe3 Nxe3 {#R} 0-1

[Event "Ch World (seniors)"]
[Site "Bad Liebenzell (Germany)"]
[Round "3"]
[White "Meinhardt Guenther (GER)"]
[Black "Fries Karl-Heinz (GER)"]
[Result "1-0"]
[WhiteElo "1892"]
[BlackElo "1855"]

1.d4 e6 2.c4 f5 3.e4 fxe4 4.f3 exf3 5.Nxf3 Nf6 6.Bd3 Be7 7.O-O O-O 8.Nc3 c6
9.Bf4 d5 10.Be5 Qe8 11.Ng5 h6 12.Nh3 Nbd7 13.Nf4 Nxe5 14.dxe5 Nh7 15.Bg6 Qd8
16.Bxh7+ Kxh7 17.Qd3+ Kg8 18.Ng6 Rxf1+ 19.Rxf1 Bc5+ 20.Kh1 Qe8 21.cxd5 exd5
22.Ne2 Be6 23.Nef4 Qd7 24.Qc3 b6 25.b4 d4 26.Qe1 Be7 27.a3 Bg5 28.Qf2 Rd8
29.h4 Bxf4 30.Qxf4 d3 31.h5 d2 32.Qf8+ Rxf8 33.Rxf8+ Kh7 34.Rh8# 1-0

[Event "Ch Bayern (b)"]
[Site "Bayern (Germany)"]
[Round "2"]
[White "Stephan Eberhard (GER)"]
[Black "Oberpriller Josef (GER)"]
[Result "1-0"]
[WhiteElo "2137"]
[BlackElo "1973"]

1.d4 e6 2.c4 f5 3.e4 fxe4 4.Nc3 Nf6 5.f3 e3 6.Bxe3 Be7 7.Bd3 Nc6 8.Nge2 d6
9.O-O O-O 10.a3 Qe8 11.Qc2 Bd8 12.Rae1 Qh5 13.Ng3 Qh4 14.Nce4 Nxe4 15.fxe4
Rxf1+ 16.Rxf1 Bg5 17.Qf2 Bxe3 18.Qxe3 e5 19.c5 Nxd4 20.Bc4+ Be6 21.Nf5 Qd8
22.Bxe6+ Nxe6 23.Qb3 d5 24.exd5 Nxc5 25.Qc4 Na6 26.b4 Kh8 27.b5 Nb8 28.d6 Qe8
29.dxc7 Nd7 30.Nd6 {#r} 1-0

[Event "It (open)"]
[Site "Copenhagen (Denmark)"]
[Round "9"]
[White "Jonovic Velibor (DEN)"]
[Black "Kristensen Kasper (DEN)"]
[Result "0-1"]
[WhiteElo "2095"]
[BlackElo "2121"]

1.d4 e6 2.c4 f5 3.e4 fxe4 4.f3 Nf6 5.Nc3 Bb4 6.Bg5 O-O 7.fxe4 h6 8.Bxf6 Qxf6
9.Nf3 Qg6 10.Qc2 Nc6 11.O-O-O Bxc3 12.Qxc3 a6 13.h4 b5 14.e5 bxc4 15.h5 Qf7
16.Bxc4 Ne7 17.Rdf1 Qe8 18.Bb3 Bb7 19.Bc2 Bxf3 20.gxf3 Nf5 21.Rfg1 c5 22.d5
Nd4 23.Qd3 Nxc2 24.Rxg7+ Kxg7 25.Rg1+ Kh8 26.Rg6 Rf5 27.Rxh6+ Kg7 28.Rg6+ Qxg6
29.hxg6 Nb4 30.Qc4 Nxd5 31.Qxc5 Kxg6 32.Qg1+ Kf7 33.Qh2 Rg8 34.a3 Ne3 35.Qh4
Rc8+ 36.Kb1 Rc4 37.Qh7+ Ke8 38.Qg8+ Ke7 39.Qg7+ Kd8 40.Qg8+ Kc7 41.Qa8 Rxe5
42.Qa7+ Kd6 43.Qb8+ Kd5 44.Qb7+ Kd6 45.Qb8+ Rc7 46.Qb4+ Rcc5 47.f4 Rd5 48.Qb6+
Ke7 49.Qxa6 Nf5 50.Qb6 Rc6 51.Qb4+ Kf7 52.a4 Rd1+ 53.Ka2 Rcc1 54.Qb7 Ra1+
55.Kb3 Rd3+ 56.Kc2 Rd4 57.b3 Ra2+ 58.Kc3 Rad2 59.Qa7 R4d3+ 60.Kc4 Ne3+ 61.Kb4
Rb2 62.Ka5 Rbxb3 63.Qc7 Rd5+ 64.Ka6 Ra3 65.Qc1 Rxa4+ 66.Kb6 Nc4+ 67.Kc7 Rc5+
68.Kb8 Rb4+ {#R} 0-1

[Event "Ch Spain (w)"]
[Site "Empuriabrava (Spain)"]
[Round "4"]
[White "Cuevas-Rodriguez Ma Luisa (ESP)"]
[Black "Alfonso Nogue Beatriz (ESP)"]
[Result "1/2-1/2"]
[WhiteElo "2185"]
[BlackElo "2071"]

1.d4 e6 2.c4 f5 3.e4 fxe4 4.Nc3 Bb4 5.a3 Bxc3+ 6.bxc3 d5 7.Qh5+ g6 8.Qe5 Nf6
9.cxd5 O-O 10.Bh6 Re8 11.dxe6 Bxe6 12.Ne2 Bf5 13.Qb5 Ng4 14.Be3 Nd7 15.Ng3
Nxe3 16.fxe3 Be6 {#d} 1/2-1/2

[Event "Oberliga 1997/98"]
[Site "Hessen (Germany)"]
[Round "3"]
[White "Knoth Eugen (GER)"]
[Black "Meyer Stefan (GER)"]
[Result "1/2-1/2"]
[WhiteElo "2019"]
[BlackElo "2191"]

1.d4 e6 2.c4 f5 3.e4 fxe4 4.Nc3 Nf6 5.Bg5 Bb4 6.f3 Bxc3+ 7.bxc3 e3 8.Bd3 O-O
9.Ne2 Qe8 10.O-O d6 11.Bxe3 Nc6 12.Ng3 e5 13.Qd2 Nh5 14.Nxh5 Qxh5 15.f4 exf4
16.Bxf4 Bf5 17.Be2 {#d} 1/2-1/2

[Event "Bayern Regionalliga Northwest"]
[Site "Germany"]
[Round "6"]
[White "Adler Herbert (GER)"]
[Black "Poppe Heiko (GER)"]
[Result "1/2-1/2"]
[WhiteElo "2015"]
[BlackElo "2210"]

1.d4 e6 2.c4 f5 3.e4 fxe4 4.Nc3 Nf6 5.f3 Bb4 6.Qc2 Nc6 7.Be3 e5 8.dxe5 Nxe5
9.O-O-O Bxc3 10.Qxc3 d6 11.Bd4 Qe7 12.Re1 Bf5 13.fxe4 Nxe4 14.Qb3 c5 15.Bxe5
Qxe5 16.g3 O-O 17.Bd3 Bg6 18.Nh3 {#d} 1/2-1/2

[Event "Cup Alfoeld (open)"]
[Site "Hajduszoboszlo (Hungary)"]
[Round "7"]
[White "Solymosi Istvan (HUN)"]
[Black "Forgacs Jozsef (HUN)"]
[Result "0-1"]
[WhiteElo "2195"]
[BlackElo "2311"]

1.d4 e6 2.c4 f5 3.e4 fxe4 4.Nc3 Nf6 5.Bg5 Bb4 6.Qc2 O-O 7.O-O-O Bxc3 8.Qxc3 b5
9.cxb5 a6 10.a3 axb5 11.Bxb5 Ba6 12.Bc4 d5 13.Bxa6 Rxa6 14.Kb1 Nbd7 15.f3 Qb8
16.Bxf6 Nxf6 17.Ne2 Qb5 18.Rd2 Rfa8 19.Ka2 Rc6 20.Qb3 Qxb3+ 21.Kxb3 Rb8+
22.Ka2 e3 23.Rd3 Rc2 24.Nf4 Rbxb2+ 25.Ka1 Nd7 26.Rxe3 Nb6 {#R} 0-1

[Event "Czech League 2002/03 (2nd) (a)"]
[Site "Czech Republic"]
[Round "0"]
[White "Vondra Zbynek (CZE)"]
[Black "Kudera Jiri (CZE)"]
[Result "1/2-1/2"]
[WhiteElo "2165"]
[BlackElo "1847"]

1.d4 e6 2.c4 f5 3.e4 fxe4 4.Nc3 Nf6 5.g4 h6 6.g5 hxg5 7.Bxg5 Bb4 8.Be2 c5
9.Bh5+ Kf8 10.dxc5 Nc6 11.Bg6 Qa5 12.Qd6+ Ne7 13.Bxf6 gxf6 14.Ne2 Bxc5 15.Qf4
f5 16.Qg5 Ng8 17.Bh5 Qb6 18.O-O-O Bxf2 19.Qg6 Rxh5 20.Qxh5 Qe3+ 21.Kb1 Qh6
22.Qxh6+ Nxh6 23.Rdf1 e3 24.Nd1 b5 25.Nxf2 exf2 26.Rxf2 Bb7 27.Rd1 Be4+ 28.Ka1
Ng4 29.Rf4 bxc4 30.Rxd7 Ne5 31.Rxe4 fxe4 32.Rd4 e3 33.Re4 Nd3 34.Rxc4 Nf2
35.Rc3 Rd8 36.a3 Rd1+ 37.Ka2 Nd3 38.Kb3 Rd2 39.Rc2 Rxe2 40.Rxe2 Nc1+ 41.Kc2
Nxe2 42.Kd3 Nf4+ 43.Kxe3 Ng6 44.Ke4 Ke7 45.b4 Kd6 46.a4 Ne7 47.Kd4 e5+ 48.Ke4
Ng6 49.b5 Kc5 50.h4 Nxh4 51.Kxe5 Ng6+ 52.Ke6 Nf4+ 53.Kd7 Nd5 54.Kc8 Kb6 55.Kb8
Nb4 56.Kc8 Nd5 57.Kb8 Nc7 58.a5+ Kxa5 59.Kxa7 Kxb5 {#d} 1/2-1/2

[Event "Landesliga 2002/03"]
[Site "Mecklenburg-Vorpommern (Germany)"]
[Date "2003.03.09"]
[Round "8"]
[White "Kliche Ulf"]
[Black "Witkowski Rainer"]
[Result "1-0"]
[WhiteElo "1960"]
[BlackElo "1976"]

1.d4 e6 2.c4 f5 3.e4 fxe4 4.Nc3 d5 5.cxd5 exd5 6.Qh5+ Kd7 7.Qxd5+ Bd6 8.Nxe4
Nf6 9.Bb5+ Ke7 10.Nxf6 gxf6 11.Qe4+ Kf7 12.Ne2 Qe7 13.Qxe7+ Kxe7 14.Bf4 a6
15.Bc4 Nc6 16.O-O-O Bf5 17.Rhe1 Kd7 18.Bxd6 Kxd6 19.Ng3 Bg6 20.Re6+ Kd7
21.Rxf6 Raf8 22.Rxf8 Rxf8 23.f3 Rf6 24.Ne2 Nb4 25.a3 Rc6 26.b3 b5 27.d5 Nxd5
28.Rxd5+ Kc8 29.Nd4 {#r} 1-0

[Event "It (open)"]
[Site "Chennai (India)"]
[Date "2004.01.21"]
[Round "1"]
[White "Arindam Mukherjee (IND)"]
[Black "Pragna N (IND)"]
[Result "1-0"]
[WhiteElo "2318"]
[BlackElo "1977"]

1.d4 e6 2.c4 f5 3.e4 fxe4 4.Nc3 Nf6 5.Bg5 Bb4 6.a3 Bxc3+ 7.bxc3 O-O 8.f3 exf3
9.Nxf3 d6 10.Bd3 Nbd7 11.O-O e5 12.Qc2 h6 13.Bh4 Qe8 14.Bg6 Qe6 15.d5 Qe7
16.Rae1 Nc5 17.h3 Bd7 18.Nd4 Qd8 19.Nf5 Bxf5 20.Rxf5 c6 21.Ref1 Qb6 22.Kh2
Ncd7 23.R5f3 cxd5 24.cxd5 Qc5 25.c4 Rac8 26.Qf5 Qxc4 27.Qe6+ Kh8 28.Bxf6 Nxf6
29.Rxf6 gxf6 30.Rxf6 Qh4 31.Bf7 Kh7 32.Bg6+ Kh8 33.Qe7 {#r} 1-0

[Event "It (open)"]
[Site "Saint-Quentin (France)"]
[Date "2004.04.19"]
[Round "2"]
[White "Hajenius Willem (BEL)"]
[Black "Okhotnik Vladimir (FRA)"]
[Result "0-1"]
[WhiteElo "2023"]
[BlackElo "2426"]

1.d4 e6 2.c4 f5 3.e4 fxe4 4.Nc3 Nf6 5.f3 Nc6 6.fxe4 e5 7.d5 Nd4 8.Nf3 Nxf3+
9.Qxf3 Bc5 10.Be3 Qe7 11.O-O-O O-O 12.h3 Bxe3+ 13.Qxe3 d6 14.Be2 a6 15.g4 b5
16.g5 Nd7 17.cxb5 Rf4 18.Rhg1 Nf8 19.Rdf1 Ng6 20.a4 axb5 21.Bxb5 Bd7 22.b3
Bxb5 23.Nxb5 Raf8 24.Rxf4 exf4 25.Qf2 Qxe4 26.Nc3 Qd3 27.Qd2 Qxh3 28.a5 Ne5
29.Rd1 f3 30.Qe3 Qg2 {#R} 0-1

[Event "It \"]
[Site "Ecuador"]
[Date "2006.02.11"]
[Round "4"]
[White "Apolo Mauricio (ECU)"]
[Black "Munoz Pablo"]
[Result "1-0"]
[WhiteElo "1901"]
[BlackElo "1983"]

1.d4 e6 2.c4 f5 3.e4 fxe4 4.Nc3 Nf6 5.Bg5 Bb4 6.Qc2 d5 7.O-O-O Bxc3 8.Qxc3 Bd7
9.f3 h6 10.Be3 Nc6 11.Ne2 Qe7 12.Ng3 exf3 13.gxf3 O-O-O 14.c5 e5 15.b4 exd4
16.Bxd4 Nxd4 17.Qxd4 Kb8 18.Bd3 Rhe8 19.Rhe1 Qxe1 20.Rxe1 Rxe1+ 21.Kd2 Rde8
22.Be2 Rb1 23.Kc2 Rh1 24.Nxh1 Rxe2+ 25.Kb3 Rxh2 26.Qg1 Rd2 27.Qe3 Rh2 28.Qg1
{#r} 1-0

[Event "It \"]
[Site "Ecuador"]
[Date "2006.04.02"]
[Round "6"]
[White "Cabrera Mendieta Diego (ECU)"]
[Black "Ortiz Oscar (ECU)"]
[Result "1-0"]
[WhiteElo "2043"]
[BlackElo "1792"]

1.d4 e6 2.c4 f5 3.e4 fxe4 4.f3 Nf6 5.Bg5 Bb4+ 6.Nc3 O-O 7.fxe4 Qe8 8.Bxf6 Rxf6
9.Nf3 d5 10.e5 Rf8 11.cxd5 exd5 12.Qb3 Bxc3+ 13.bxc3 c6 14.Be2 Qg6 15.O-O Bh3
16.Rf2 b5 17.a4 b4 18.cxb4 Be6 19.Raf1 Nd7 20.Qe3 Nb6 21.Bd3 Qe8 22.Bxh7+ Kxh7
23.Ng5+ Kg6 24.Rxf8 Qe7 25.Nxe6 Qxe6 26.Qg3+ Kh7 27.Qh4+ Qh6 28.Qxh6+ Kxh6
{#r} 1-0

[Event "It (open)"]
[Site "Rewal (Poland)"]
[Date "2006.08.29"]
[Round "11"]
[White "Ptaszek Przemyslaw (POL)"]
[Black "Klimczok Krystian (POL)"]
[Result "1-0"]
[WhiteElo "1908"]
[BlackElo "1951"]

1.d4 e6 2.c4 f5 3.e4 fxe4 4.Nc3 Bb4 5.Qg4 Qf6 6.Qxe4 Ne7 7.Nf3 O-O 8.Bd3 Qf5
9.Qe2 Qh5 10.O-O Ng6 11.Ne4 Nh4 {#r} 1-0

[Event "Ch Braunfels"]
[Site "Braunfels (Germany)"]
[Date "2007.05.11"]
[Round "5"]
[White "Feicht Arno (GER)"]
[Black "Bolte Christoph (GER)"]
[Result "1-0"]
[WhiteElo "2127"]
[BlackElo "2032"]

1.d4 e6 2.c4 f5 3.e4 fxe4 4.Nc3 Nf6 5.g4 d5 6.g5 Ng8 7.Nh3 Ne7 8.Nf4 c6 9.Bh3
g6 10.Bxe6 Bxe6 11.Nxe6 Qd6 12.Qb3 Qxe6 13.Qxb7 Bg7 14.Qxa8 O-O 15.Qxa7 c5
16.Qxc5 Na6 17.Qa3 Bxd4 18.Be3 Bxe3 19.fxe3 Qb6 20.O-O-O Nb4 21.Kb1 Rb8
22.cxd5 Nd3 23.b3 Nb4 24.d6 Nec6 25.Nxe4 Qxe3 26.Rhe1 Qf4 27.Qb2 Qf5 28.Ka1
Ra8 29.Nf6+ Kf7 30.Ne4 Kg8 31.a4 Rd8 32.Rd2 Qf3 33.Rf2 Qd3 34.Nf6+ Kg7 35.Nh5+
{#r} 1-0

[Event "Memorial T.Petrosian (open)"]
[Site "Uljanovsk (Russia)"]
[Date "2007.06.16"]
[Round "2"]
[White "Makarenko Vladimir (RUS)"]
[Black "Pirogov Vyatchslav (RUS)"]
[Result "0-1"]
[WhiteElo "2150"]
[BlackElo "2371"]

1.d4 e6 2.c4 f5 3.e4 fxe4 4.f3 Nf6 5.Nc3 d5 6.Bg5 Be7 7.Qd2 O-O 8.O-O-O Nbd7
9.Nh3 exf3 10.gxf3 dxc4 11.Bxc4 Nb6 12.Bb3 Nbd5 13.Ne4 a5 14.Rhg1 Kh8 15.Qg2
Rg8 16.Nhf2 Bd7 17.Nd3 Nxe4 18.fxe4 Bxg5+ 19.Qxg5 Qxg5+ 20.Rxg5 a4 21.Bxd5
exd5 22.Rxd5 Be6 23.Rc5 c6 24.d5 cxd5 25.exd5 Bf5 26.Ne5 Rgc8 27.Rc3 Kg8
28.Kd2 Re8 29.Nc4 Rad8 30.Ne3 b5 31.Rc5 Bd7 32.Kd3 Rf8 33.Rf1 Rfe8 34.Kd4 g6
35.a3 h5 36.Rf6 Kg7 37.Rb6 h4 38.Rc7 Kh6 39.Rbb7 Bc8 40.Rxb5 Kg5 41.Rf7 Bf5
42.Nxf5 gxf5 43.Kc5 Rc8+ 44.Kd6 h3 45.Rb4 Re2 46.Kd7 Rh8 47.d6 Rxh2 48.Rd4
Rxb2 49.Rg7+ Kf6 50.Rg1 h2 51.Rh1 Rc2 52.Rb4 Rh7+ 53.Kd8 Ke6 54.Rb6 Rh8# 0-1

[Event "Ch Tczew"]
[Site "Tczew (Poland)"]
[Date "2008.11.26"]
[Round "5"]
[White "Ossowski Boleslaw (POL)"]
[Black "Mielke Patryk (POL)"]
[Result "1-0"]
[WhiteElo "1688"]
[BlackElo "1693"]

1.d4 e6 2.c4 f5 3.e4 fxe4 4.Nc3 Nf6 5.Bg5 Bb4 6.d5 Bxc3+ 7.bxc3 exd5 8.cxd5 d6
9.Qd4 O-O 10.Bc4 Nbd7 11.Ne2 Nc5 12.O-O Bf5 13.Ng3 Bg6 14.f3 h6 15.Bh4 Qd7
16.Bxf6 Rxf6 17.fxe4 Qe7 18.Rfe1 Rf4 19.Qe3 Qe5 20.Bb3 Bxe4 21.Qd2 Re8 22.Bc2
g5 23.Re3 Ref8 24.Rae1 Qxd5 25.Nxe4 Qxa2 26.Nf6+ Kg7 27.Nh5+ {#r} 1-0

[Event "It \"]
[Site "Werther (Germany)"]
[Date "2009.04.04"]
[Round "5"]
[White "Gazda Istvan (HUN)"]
[Black "Hoeren Andreas (GER)"]
[Result "1/2-1/2"]
[WhiteElo "2160"]
[BlackElo "2118"]

1.d4 e6 2.c4 f5 3.e4 fxe4 4.f3 b6 5.Nc3 Bb4 6.Nh3 Bb7 7.Bg5 Nf6 8.Be2 O-O
9.O-O exf3 10.Bxf3 Bxf3 11.Qxf3 Nc6 12.Rad1 Ne7 13.Ne4 Nxe4 14.Qxe4 Bd6 {#d}
1/2-1/2

[Event "Ch Ukraine"]
[Site "Alushta (Ukraine)"]
[Date "2009.05.12"]
[Round "2"]
[White "Dolgopolov Alexander (UKR)"]
[Black "Ivanov Oleg V (UKR)"]
[Result "0-1"]
[WhiteElo "2283"]
[BlackElo "2466"]

1.d4 e6 2.c4 f5 3.e4 fxe4 4.Nc3 Nf6 5.Bg5 Be7 6.f3 O-O 7.fxe4 Nxe4 8.Bxe7 Nxc3
9.Qc2 Qxe7 10.bxc3 e5 11.d5 d6 12.Nf3 Bg4 13.Qe4 Rf4 14.Qe3 Bxf3 15.gxf3 Nd7
16.O-O-O Nc5 17.Be2 Raf8 18.Rdg1 e4 19.Rg3 Qe5 20.Rhg1 g6 21.fxe4 Rxe4 22.Qh6
Rf6 23.Rh3 Rf7 24.Rg5 Rxe2 25.Qg7+ {#R} 0-1

[Event "Ch Schleswig Holstein (seniors)"]
[Site "Buesum (Germany)"]
[Round "7"]
[White "Hevendehl Hanns-Adolf (GER)"]
[Black "Plewka Manfred (GER)"]
[Result "1-0"]
[WhiteElo "2040"]
[BlackElo "1952"]

1.d4 e6 2.c4 f5 3.e4 fxe4 4.Nc3 Nf6 5.f3 Bb4 6.a3 Bxc3+ 7.bxc3 O-O 8.Bg5 exf3
9.Nxf3 Qe8 10.Qc2 b6 11.Bd3 Qh5 12.O-O-O Bb7 13.h4 Nc6 14.Rdg1 Ng4 15.Be2 Na5
16.Nh2 Ne3 17.Bxe3 Qe8 18.Nf3 Qe7 19.Ng5 g6 20.c5 bxc5 21.dxc5 {#r} 1-0

[Event "Ch Paulista"]
[Site "Santos (Brazil)"]
[Date "2010.08.19"]
[Round "1"]
[White "Palozi Paulo Ricardo (BRA)"]
[Black "De Padua Camila Marques (BRA)"]
[Result "1-0"]
[WhiteElo "2234"]
[BlackElo "1714"]

1.d4 e6 2.c4 f5 3.e4 fxe4 4.Nc3 Nf6 5.Bg5 Bb4 6.f3 e3 7.Bxe3 Bxc3+ 8.bxc3 b6
9.Bd3 Nc6 10.Ne2 Bb7 11.O-O Qe7 12.Rb1 Na5 13.Ng3 O-O 14.Qc2 d6 15.Rfe1 Qd7
16.Bf2 Rae8 17.Re3 Nc6 18.Rbe1 Na5 19.Qe2 Ba6 20.Ne4 Nxe4 21.Rxe4 Bxc4 22.Bxc4
Nxc4 23.d5 Ne5 24.dxe6 Qe7 25.f4 Ng6 26.g3 Rf5 27.Ra4 a5 28.Re4 d5 29.Re3 Nf8
30.Qd3 g6 31.Rf3 {#r} 1-0

[Event "It (open) (c)"]
[Site "Mislata (Spain)"]
[Date "2011.08.21"]
[Round "9"]
[White "Poveda Cano Luis (ESP)"]
[Black "Gomez Maestro Gustavo (ESP)"]
[Result "1-0"]
[WhiteElo "1875"]
[BlackElo "1680"]

1.d4 e6 2.c4 f5 3.e4 fxe4 4.f3 e3 5.Bxe3 Nf6 6.Nc3 Bb4 7.Bd3 O-O 8.Ne2 b6
9.O-O Bb7 10.Qc2 Bxc3 11.Nxc3 d6 12.Ne4 Nbd7 13.Ng5 Qe7 14.Bxh7+ Kh8 15.Rae1
e5 16.d5 e4 17.Bg6 Ne5 18.Bxe4 Nxe4 19.Qxe4 g6 20.f4 Nf3+ 21.Qxf3 Bc8 22.Bd4+
Kg8 {#r} 1-0